Տարագրի յուշեր 1915-1917 / (Record no. 527964)
[ view plain ]
| 000 -LEADER | |
|---|---|
| fixed length control field | 02193nam a2200385 a 4500 |
| 001 - CONTROL NUMBER | |
| control field | 1902860 |
| 003 - CONTROL NUMBER IDENTIFIER | |
| control field | AM-YEHGA |
| 005 - DATE AND TIME OF LATEST TRANSACTION | |
| control field | 20250618080120.0 |
| 008 - FIXED-LENGTH DATA ELEMENTS--GENERAL INFORMATION | |
| fixed length control field | 230515s2022 ai ab||gr|||||||||0|arm|d |
| 020 ## - INTERNATIONAL STANDARD BOOK NUMBER | |
| International Standard Book Number | 9789939964003 |
| 040 ## - CATALOGING SOURCE | |
| Original cataloging agency | AM-YeHGA |
| 041 0# - LANGUAGE CODE | |
| Language code of text/sound track or separate title | arm |
| 090 ## - LOCALLY ASSIGNED LC-TYPE CALL NUMBER (OCLC); LOCAL CALL NUMBER (RLIN) | |
| -- | 566121 |
| 100 1# - MAIN ENTRY--PERSONAL NAME | |
| Personal name | Պօտուռեան, Գառնիկ Կ. |
| 245 10 - TITLE STATEMENT | |
| Title | Տարագրի յուշեր 1915-1917 / |
| Statement of responsibility, etc. | Գ.Կ. Պօտուռեան ; Խմբագիր, յառաջաբանի եւ ծանօթագրութիւնների հեղինակ՝ Մ.Ա. Մինասեան ; «Հայոց ցեղասպանութեան թանգարան-ինստիտուտ» հիմնադրամ. |
| 246 15 - VARYING FORM OF TITLE | |
| Title proper/short title | Memories of the deportee 1915-1917 |
| 246 15 - VARYING FORM OF TITLE | |
| Title proper/short title | Воспоминания изгнанника 1915-1917 |
| 260 ## - PUBLICATION, DISTRIBUTION, ETC. | |
| Place of publication, distribution, etc. | Երևան, |
| Name of publisher, distributor, etc. | ՀՑԹԻ հրատարակչութիւն, |
| Date of publication, distribution, etc. | 2022. |
| 300 ## - PHYSICAL DESCRIPTION | |
| Extent | 527 էջ ։ |
| Other physical details | լուսանկարներ, քարտեզներ ; |
| Dimensions | 21 սմ. |
| 490 0# - SERIES STATEMENT | |
| Series statement | «Հայոց ցեղասպանութիւնը վերապրածների յուշագրութիւններ» ; |
| Volume/sequential designation | 8 |
| 500 ## - GENERAL NOTE | |
| General note | Կռնակին՝ VIII: |
| 504 ## - BIBLIOGRAPHY, ETC. NOTE | |
| Bibliography, etc. note | Տողատակում՝ մատենագիտական ծանոթագրություններ։ |
| 504 ## - BIBLIOGRAPHY, ETC. NOTE | |
| Bibliography, etc. note | Տողատակում՝ ծանոթագրություններ։ |
| 504 ## - BIBLIOGRAPHY, ETC. NOTE | |
| Bibliography, etc. note | Օգտագործուած սկզբնաղբիւրներու եւ գրականության ցանկ՝ էջ 482-495։ |
| 504 ## - BIBLIOGRAPHY, ETC. NOTE | |
| Bibliography, etc. note | Լուսանկարներու եւ քարտեզներու ցանկ՝ էջ 496-498։ |
| 504 ## - BIBLIOGRAPHY, ETC. NOTE | |
| Bibliography, etc. note | Անձնանուններու ցանկ՝ էջ 499-508։ |
| 504 ## - BIBLIOGRAPHY, ETC. NOTE | |
| Bibliography, etc. note | Տեղանուններու ցանկ՝ էջ 509-519։ |
| 504 ## - BIBLIOGRAPHY, ETC. NOTE | |
| Bibliography, etc. note | Յատուկ անուներու ցանկ՝ էջ 520-527։ |
| 525 ## - SUPPLEMENT NOTE | |
| Supplement note | Յաւելուածներ՝ էջ 462-481։ |
| 650 14 - SUBJECT ADDED ENTRY--TOPICAL TERM | |
| Topical term or geographic name entry element | Հայ հուշագրություն |
| 9 (RLIN) | 5766 |
| 650 14 - SUBJECT ADDED ENTRY--TOPICAL TERM | |
| Topical term or geographic name entry element | Հայոց ցեղասպանություն (1915-1923) |
| Form subdivision | Ականատեսների վկայություններ |
| 9 (RLIN) | 5783 |
| 700 1# - ADDED ENTRY--PERSONAL NAME | |
| Personal name | Մինասեան, Միհրան Ա. |
| Relator term | խմբ. |
| Relationship | edt |
| Relator term | առաջաբ. հեղ. |
| Relationship | aui |
| 710 2# - ADDED ENTRY--CORPORATE NAME | |
| Corporate name or jurisdiction name as entry element | «Հայոց ցեղասպանութեան թանգարան-ինստիտուտ» հիմնադրամ |
| 942 ## - ADDED ENTRY ELEMENTS (KOHA) | |
| Source of classification or shelving scheme | Universal Decimal Classification |
| Koha item type | Գրքեր / Books |
| Withdrawn status | Lost status | Source of classification or shelving scheme | Damaged status | Not for loan | Collection | Home library | Current library | Date acquired | Total checkouts | Full call number | Barcode | Date last seen | Price effective from | Koha item type | Public note |
|---|---|---|---|---|---|---|---|---|---|---|---|---|---|---|---|
| Universal Decimal Classification | General | Fundamental Scientific Library | Fundamental Scientific Library | 30/05/2023 | AII/110279 | FL0679923 | 30/05/2023 | 30/05/2023 | Գրքեր / Books | 30 Days Loan | |||||
| Universal Decimal Classification | General | Fundamental Scientific Library | Fundamental Scientific Library | 30/05/2023 | AII/110278 | FL0679924 | 30/05/2023 | 30/05/2023 | Գրքեր / Books | 30 Days Loan |
ՀՀ Գիտությունների ազգային ակադեմիայի հիմնարար գիտական գրադարան = Fundamental Scientific Library of NAS RA
All site content, except where otherwise noted, is licensed under a